000 00421nam a2200121 a 4500
008 120416s1955 ||||||||||||||||| || u
050 _aPS 121 Ame
245 1 0 _aAmerican writers
246 _aTom Peete Cross
260 _aBoston
_bGinn & Co
_c1955
350 _a0.00
995 _D0.00
_FCBU-MAIN LIBRARY (Kitwe)
_H1
_I8.95
_M1
_UAVAILABLE
_ZAnnex Low-Usage Collection
999 _c34170
_d34170